000 00537nam a22001695i 4500
001 159208
003 ES-MaACL
005 20230906211504.0
008 040908s1873 gw |||| | fre d
040 _aCAM
_bspa
_cCAM
100 1 _aMauron, A.
_9129747
245 1 0 _aLectures ou Cours de versions en prose et en vers ... /
_cpar A. Mauron.
260 _aHeidelberg [etc.] :
_bJules Gross [etc.],
_c1873.
300 _aXI, 346 p. ;
_c20 cm.
650 0 4 _aLengua inglesa-
_vLecturas.
_914279
852 _aES-MaACL
_jD-2498
_z-- Enc. hol.
999 _c159208
_d159208